Statistics for World Capitals Furthest from Foreign Territory

Click here to take the quiz!

General Stats

  • This quiz has been taken 54 times
  • The average score is 12 of 16

Answer Stats

km Continent Capital % Correct
1,054South AmericaBrasilia
98%
1,742OceaniaWellington
90%
1,863OceaniaCanberra
86%
731North AmericaMexico City
86%
511South AmericaLima
82%
545EuropeReykjavik
80%
560OceaniaSuva
73%
546AfricaAntananarivo
69%
815AsiaTokyo
67%
783AsiaManila
67%
511OceaniaSouth Tarawa
67%
644AfricaVictoria
65%
560AsiaBeijing
63%
642AfricaPraia
57%
532OceaniaHoniara
55%
553AfricaCape Town
45%

Score Distribution

Percentile by Number Answered

Percent of People with Each Score

Your Score History

You have not taken this quiz